000 00508nam a2200181Ia 4500
005 20250508150422.0
008 008 250505s9999 xx 000 0 eng d
037 _aTextual
040 _aFEDL
_beng
_cFEDL
041 _aeng
_2eng
084 _a709.51, SIL
_qFEDL
100 _aSilcock Arnold
_9597070
245 0 _aIntroduction to chinese art and history
260 _aLondon, UK
_bFaber and Faber Limited
300 _a252p.
942 _cTEXL
_h709.51, SIL
999 _c1323540
_d1323540